Normal view
MARC view
Entry Personal Name
001 - CONTROL NUMBER
- control field: 12071
003 - CONTROL NUMBER IDENTIFIER
- control field: ARRUPE
005 - DATE AND TIME OF LATEST TRANSACTION
- control field: 20141006131102.0
008 - FIXED-LENGTH DATA ELEMENTS
- fixed length control field: 141006|| aca||aabn | a|a d
040 ## - CATALOGING SOURCE
- Original cataloging agency: ARRUPE
- Transcribing agency: ARRUPE
100 ## - HEADING--PERSONAL NAME
- Personal name: Lelyveld, Arthur J.,
- Dates associated with a name: 1913-1996.
670 ## - SOURCE DATA FOUND
- Source citation: Work cat.: (ARRUPE)0: Lelyveld, Arthur J., 1913-1996., Atheism is dead;, [1968]